Quiz Questions From Slumdog Millionaire - Statistics

General Stats
  • This quiz has been taken 10 times
  • The average score is 5 of 8
Answer Stats
Question Answer % Correct
2. A picture of three lions is seen in the national emblem of India. What is written underneath it? The truth alone triumphs
100%
In The Three Musketeers, two of the musketeers are called Athos and Porthos. What is the name of the third? Aramis
75%
On an American $100 bill, there is a portrait of which American statesman? Benjamin Franklin
75%
3. In depictions of God Rama, he is famously holding what in his right hand? A bow and arrow
63%
Which cricketer has scored the most first class centuries in history? Jack Hobbs
63%
The song Darshan Do Ghanshyam was written by which famous Indian poet? Surdas
63%
1. Who was the star of the 1973 hit film "Zanjeer"? Amitabh Bachchan
50%
Cambridge Circus is in which city? London
50%
No matching quizzes found
Score Distribution
Percent of People with Each Score
Percentile by Number Answered
Your Score History
You have not taken this quiz